[Event "45th FIDE Chess Olympiad Open"]
[Site "Budapest, Hungary"]
[Date "2024.09.21"]
[Round "10"]
[White "Nitzborn, Max Baron"]
[Black "Fumey, Enyonam Sewa"]
[Result "1-0"]
[Board "284"]
[WhiteFideId "15200434"]
[BlackFideId "21200033"]
[BlackTitle "CM"]
[WhiteElo "1800"]
[BlackElo "1845"]
[WhiteTeam "Namibia"]
[BlackTeam "Togo"]
[WhiteClock "0:41:24"]
[BlackClock "0:00:44"]
[Variant "Standard"]

1. c4 {[%clk 1:30:27]}  Nf6 {[%clk 1:30:52]} 2. Nf3 {[%clk 1:30:22]}  Nc6 {[%clk 1:31:05]} 3. Nc3 {[%clk 1:29:22]}  d5 {[%clk 1:29:25]} 4. cxd5 {[%clk 1:29:29]}  Nxd5 {[%clk 1:29:49]} 5. g3 {[%clk 1:29:49]}  Bf5 {[%clk 1:26:03]} 6. Bg2 {[%clk 1:30:06]}  e6 {[%clk 1:25:18]} 7. O-O {[%clk 1:29:35]}  Be7 {[%clk 1:25:37]} 8. Qa4 {[%clk 1:19:34]}  O-O {[%clk 1:25:32]} 9. e4 {[%clk 1:17:15]}  Nxc3 {[%clk 1:25:44]} 10. bxc3 {[%clk 1:17:41]}  Bg6 {[%clk 1:23:48]} 11. Re1 {[%clk 1:13:47]}  e5 {[%clk 1:22:15]} 12. Qb5 {[%clk 1:12:35]}  Qd6 {[%clk 1:15:07]} 13. Qxb7 {[%clk 1:11:48]}  Rab8 {[%clk 0:55:01]} 14. Qa6 {[%clk 1:12:01]}  Rb6 {[%clk 0:55:13]} 15. Qe2 {[%clk 1:07:58]}  f6 {[%clk 0:52:32]} 16. Nh4 {[%clk 1:01:31]}  Bf7 {[%clk 0:51:40]} 17. Nf5 {[%clk 1:01:55]}  Qc5 {[%clk 0:50:51]} 18. Qf3 {[%clk 0:51:49]}  Bd8 {[%clk 0:49:28]} 19. d4 {[%clk 0:44:42]}  exd4 {[%clk 0:47:00]} 20. cxd4 {[%clk 0:45:09]}  Qa5 {[%clk 0:47:03]} 21. Be3 {[%clk 0:44:58]}  Rb2 {[%clk 0:35:57]} 22. Qg4 {[%clk 0:40:47]}  Bg6 {[%clk 0:30:31]} 23. a3 {[%clk 0:40:47]}  Qc3 {[%clk 0:16:49]} 24. Rec1 {[%clk 0:38:42]}  Rc2 {[%clk 0:17:09]} 25. Rxc2 {[%clk 0:39:04]}  Qxc2 {[%clk 0:16:03]} 26. Rc1 {[%clk 0:38:34]}  Qa4 {[%clk 0:16:26]} 27. Qd1 {[%clk 0:36:37]}  Qxd1+ {[%clk 0:14:58]} 28. Rxd1 {[%clk 0:37:05]}  Ne7 {[%clk 0:14:09]} 29. Nxe7+ {[%clk 0:35:09]}  Bxe7 {[%clk 0:14:36]} 30. Rc1 {[%clk 0:35:15]}  Bxa3 {[%clk 0:09:17]} 31. Rxc7 {[%clk 0:34:13]}  Rb8 {[%clk 0:06:39]} 32. Bf3 {[%clk 0:32:48]}  a5 {[%clk 0:06:26]} 33. e5 {[%clk 0:30:05]}  a4 {[%clk 0:04:52]} 34. exf6 {[%clk 0:28:30]}  gxf6 {[%clk 0:03:54]} 35. Bd5+ {[%clk 0:28:41]}  Kh8 {[%clk 0:02:58]} 36. Bh6 {[%clk 0:26:43]}  Bf8 {[%clk 0:03:18]} 37. Bxf8 {[%clk 0:20:44]}  Rxf8 {[%clk 0:03:46]} 38. Ra7 {[%clk 0:20:11]}  Bc2 {[%clk 0:03:58]} 39. Bc6 {[%clk 0:20:25]}  Rd8 {[%clk 0:03:58]} 40. d5 {[%clk 0:20:48]}  Bb3 {[%clk 0:03:07]} 41. Kg2 {[%clk 0:16:57]}  Rd6 {[%clk 0:01:05]} 42. g4 {[%clk 0:13:56]}  h5 {[%clk 0:27:54]} 43. h3 {[%clk 0:43:48]}  Rd8 {[%clk 0:17:03]} 44. Kg3 {[%clk 0:44:08]}  Rg8 {[%clk 0:16:58]} 45. d6 {[%clk 0:43:38]}  Rd8 {[%clk 0:14:47]} 46. d7 {[%clk 0:43:12]}  Be6 {[%clk 0:13:37]} 47. Rxa4 {[%clk 0:42:45]}  hxg4 {[%clk 0:13:09]} 48. hxg4 {[%clk 0:43:10]}  Kg7 {[%clk 0:13:08]} 49. f4 {[%clk 0:42:20]}  Kf8 {[%clk 0:11:58]} 50. f5 {[%clk 0:42:39]}  Bf7 {[%clk 0:10:06]} 51. Kf4 {[%clk 0:42:22]}  Ke7 {[%clk 0:10:17]} 52. Rd4 {[%clk 0:40:03]}  Kf8 {[%clk 0:07:20]} 53. Re4 {[%clk 0:40:23]}  Rb8 {[%clk 0:07:31]} 54. g5 {[%clk 0:39:35]}  fxg5+ {[%clk 0:07:27]} 55. Kxg5 {[%clk 0:40:04]}  Kg7 {[%clk 0:01:51]} 56. Re8 {[%clk 0:40:04]}  Bxe8 {[%clk 0:02:02]} 57. dxe8=Q {[%clk 0:40:29]}  Rxe8 {[%clk 0:01:49]} 58. Bxe8 {[%clk 0:40:57]}  Kf8 {[%clk 0:00:44]} 59. Kf6 {[%clk 0:41:24]} 1-0

[Event "45th FIDE Chess Olympiad Open"]
[Site "Budapest, Hungary"]
[Date "2024.09.21"]
[Round "10"]
[White "Ebosse Kingue Victor Patrick"]
[Black "Aziz, Husain"]
[Result "1-0"]
[Board "285"]
[WhiteFideId "16400291"]
[BlackFideId "12100293"]
[WhiteTitle "FM"]
[BlackTitle "IM"]
[WhiteElo "2014"]
[BlackElo "2340"]
[WhiteTeam "Cameroon"]
[BlackTeam "Qatar"]
[WhiteClock "0:06:22"]
[BlackClock "0:14:09"]
[Variant "Standard"]

1. Nf3 {[%clk 1:30:48]}  d5 {[%clk 1:30:40]} 2. d4 {[%clk 1:30:54]}  Nf6 {[%clk 1:31:00]} 3. e3 {[%clk 1:30:59]}  c5 {[%clk 1:31:06]} 4. Bd3 {[%clk 1:28:04]}  Nc6 {[%clk 1:29:59]} 5. h3 {[%clk 1:25:45]}  c4 {[%clk 1:21:17]} 6. Be2 {[%clk 1:25:51]}  Bf5 {[%clk 1:21:39]} 7. O-O {[%clk 1:15:16]}  e6 {[%clk 1:19:44]} 8. b3 {[%clk 1:14:50]}  b5 {[%clk 1:19:54]} 9. bxc4 {[%clk 1:03:59]}  bxc4 {[%clk 1:19:52]} 10. Bd2 {[%clk 0:52:18]}  h6 {[%clk 1:15:38]} 11. Bc3 {[%clk 0:50:24]}  a5 {[%clk 1:11:00]} 12. a3 {[%clk 0:45:54]}  Bd6 {[%clk 1:07:37]} 13. Ne5 {[%clk 0:38:05]}  Qc7 {[%clk 1:05:51]} 14. f4 {[%clk 0:37:47]}  Ne4 {[%clk 1:04:35]} 15. Be1 {[%clk 0:37:58]}  O-O {[%clk 1:00:36]} 16. Nc3 {[%clk 0:36:18]}  Nxc3 {[%clk 0:56:57]} 17. Bxc3 {[%clk 0:36:41]}  Na7 {[%clk 0:56:10]} 18. g4 {[%clk 0:27:59]}  Be4 {[%clk 0:56:08]} 19. Bf3 {[%clk 0:27:23]}  Nb5 {[%clk 0:53:22]} 20. Bb2 {[%clk 0:26:26]}  Bxf3 {[%clk 0:50:46]} 21. Qxf3 {[%clk 0:25:04]}  a4 {[%clk 0:50:28]} 22. Rfd1 {[%clk 0:22:07]}  Rad8 {[%clk 0:44:58]} 23. Rf1 {[%clk 0:16:56]}  Be7 {[%clk 0:38:17]} 24. Qe2 {[%clk 0:15:29]}  Nd6 {[%clk 0:37:02]} 25. Bc3 {[%clk 0:15:28]}  Ne4 {[%clk 0:37:19]} 26. Be1 {[%clk 0:15:51]}  Rb8 {[%clk 0:33:12]} 27. h4 {[%clk 0:14:48]}  Bd6 {[%clk 0:19:35]} 28. g5 {[%clk 0:13:36]}  Kh7 {[%clk 0:19:21]} 29. Qg2 {[%clk 0:10:28]}  Bxe5 {[%clk 0:16:01]} 30. fxe5 {[%clk 0:10:03]}  c3 {[%clk 0:15:02]} 31. Rf4 {[%clk 0:08:30]}  hxg5 {[%clk 0:13:36]} 32. hxg5 {[%clk 0:08:20]}  Rh8 {[%clk 0:13:10]} 33. g6+ {[%clk 0:06:40]}  fxg6 {[%clk 0:13:36]} 34. Qh3+ {[%clk 0:06:50]}  Kg8 {[%clk 0:13:48]} 35. Qxe6+ {[%clk 0:07:10]}  Kh7 {[%clk 0:14:09]} 36. Rg4 {[%clk 0:06:22]} 1-0

[Event "45th FIDE Chess Olympiad Open"]
[Site "Budapest, Hungary"]
[Date "2024.09.21"]
[Round "10"]
[White "Erfan Mohamad Firdaus"]
[Black "Zebaze Dongmo Loic Dylane"]
[Result "1/2-1/2"]
[Board "286"]
[WhiteFideId "12102032"]
[BlackFideId "16401107"]
[WhiteElo "1758"]
[BlackElo "1914"]
[WhiteTeam "Qatar"]
[BlackTeam "Cameroon"]
[WhiteClock "0:04:31"]
[BlackClock "0:14:43"]
[Variant "Standard"]

1. d4 {[%clk 1:30:55]}  Nf6 {[%clk 1:30:34]} 2. c4 {[%clk 1:31:17]}  e6 {[%clk 1:30:52]} 3. Nc3 {[%clk 1:31:41]}  d5 {[%clk 1:30:58]} 4. cxd5 {[%clk 1:32:05]}  exd5 {[%clk 1:30:38]} 5. Bg5 {[%clk 1:32:27]}  c6 {[%clk 1:30:50]} 6. Qc2 {[%clk 1:31:40]}  Be7 {[%clk 1:29:50]} 7. e3 {[%clk 1:31:49]}  O-O {[%clk 1:26:19]} 8. Bd3 {[%clk 1:32:02]}  Nbd7 {[%clk 1:26:18]} 9. Nf3 {[%clk 1:32:06]}  Re8 {[%clk 1:26:33]} 10. O-O {[%clk 1:32:08]}  Nf8 {[%clk 1:25:52]} 11. h3 {[%clk 1:32:13]}  Ng6 {[%clk 1:21:39]} 12. Ne5 {[%clk 1:20:28]}  Nxe5 {[%clk 1:16:33]} 13. dxe5 {[%clk 1:19:07]}  Nd7 {[%clk 1:16:13]} 14. Bxh7+ {[%clk 1:06:12]}  Kh8 {[%clk 1:16:33]} 15. Bxe7 {[%clk 0:46:20]}  Qxe7 {[%clk 1:16:35]} 16. e6 {[%clk 0:42:15]}  Qxe6 {[%clk 1:15:55]} 17. Bf5 {[%clk 0:42:32]}  Qf6 {[%clk 1:14:56]} 18. Rad1 {[%clk 0:36:38]}  Ne5 {[%clk 1:11:42]} 19. Bxc8 {[%clk 0:34:01]}  Raxc8 {[%clk 1:11:44]} 20. Rd4 {[%clk 0:32:06]}  g6 {[%clk 1:11:29]} 21. Rfd1 {[%clk 0:29:28]}  Kg7 {[%clk 1:11:08]} 22. e4 {[%clk 0:25:16]}  Qg5 {[%clk 1:04:26]} 23. Qe2 {[%clk 0:24:30]}  Nc4 {[%clk 0:43:44]} 24. Qc2 {[%clk 0:17:04]}  Nb6 {[%clk 0:43:31]} 25. exd5 {[%clk 0:15:26]}  Nxd5 {[%clk 0:40:49]} 26. Nxd5 {[%clk 0:09:24]}  cxd5 {[%clk 0:40:57]} 27. Qd2 {[%clk 0:06:42]}  Qxd2 {[%clk 0:35:00]} 28. R1xd2 {[%clk 0:06:23]}  Rc1+ {[%clk 0:28:01]} 29. Kh2 {[%clk 0:06:53]}  Re5 {[%clk 0:27:34]} 30. f4 {[%clk 0:06:29]}  Re4 {[%clk 0:23:02]} 31. Rxd5 {[%clk 0:04:47]}  Rxf4 {[%clk 0:22:21]} 32. Rd7 {[%clk 0:05:10]}  b5 {[%clk 0:18:35]} 33. Rxa7 {[%clk 0:04:51]}  Rc5 {[%clk 0:17:40]} 34. a3 {[%clk 0:03:36]}  Rff5 {[%clk 0:14:13]} 35. Rad7 {[%clk 0:01:44]}  Kf8 {[%clk 0:10:01]} 36. Re2 {[%clk 0:00:35]}  Rf1 {[%clk 0:10:00]} 37. Rb7 {[%clk 0:00:43]}  Rf4 {[%clk 0:09:13]} 38. Rd7 {[%clk 0:00:38]}  Rf1 {[%clk 0:09:16]} 39. Red2 {[%clk 0:00:57]}  Rff5 {[%clk 0:09:27]} 40. Ra7 {[%clk 0:00:55]}  Rf1 {[%clk 0:09:22]} 41. Ra5 {[%clk 0:00:44]}  Rff5 {[%clk 0:08:56]} 42. Re2 {[%clk 0:09:04]}  Kg7 {[%clk 0:30:47]} 43. b4 {[%clk 0:06:27]}  Rc3 {[%clk 0:21:57]} 44. a4 {[%clk 0:06:02]}  bxa4 {[%clk 0:21:43]} 45. Rxf5 {[%clk 0:05:03]}  gxf5 {[%clk 0:22:11]} 46. Ra2 {[%clk 0:05:25]}  a3 {[%clk 0:22:29]} 47. b5 {[%clk 0:05:44]}  Rb3 {[%clk 0:22:53]} 48. b6 {[%clk 0:06:05]}  f4 {[%clk 0:19:16]} 49. b7 {[%clk 0:04:53]}  Kg6 {[%clk 0:14:22]} 50. Rxa3 {[%clk 0:04:31]}  Rxb7 {[%clk 0:14:43]} 1/2-1/2

[Event "45th FIDE Chess Olympiad Open"]
[Site "Budapest, Hungary"]
[Date "2024.09.21"]
[Round "10"]
[White "Amba Oyon Marius Claude"]
[Black "Al-Kuwari, Turki"]
[Result "1-0"]
[Board "287"]
[WhiteFideId "16400240"]
[BlackFideId "12102687"]
[WhiteTitle "IM"]
[WhiteElo "1975"]
[BlackElo "1577"]
[WhiteTeam "Cameroon"]
[BlackTeam "Qatar"]
[WhiteClock "1:13:28"]
[BlackClock "0:04:03"]
[Variant "Standard"]

1. e4 {[%clk 1:30:53]}  c5 {[%clk 1:30:56]} 2. Nf3 {[%clk 1:31:05]}  g6 {[%clk 1:31:22]} 3. Bc4 {[%clk 1:30:11]}  Bg7 {[%clk 1:31:42]} 4. O-O {[%clk 1:30:11]}  Nc6 {[%clk 1:31:37]} 5. c3 {[%clk 1:30:20]}  e6 {[%clk 1:31:29]} 6. d4 {[%clk 1:30:22]}  cxd4 {[%clk 1:31:45]} 7. cxd4 {[%clk 1:30:26]}  d5 {[%clk 1:32:06]} 8. exd5 {[%clk 1:30:14]}  exd5 {[%clk 1:32:28]} 9. Re1+ {[%clk 1:30:16]}  Nge7 {[%clk 1:32:51]} 10. Bb3 {[%clk 1:30:26]}  O-O {[%clk 1:32:24]} 11. h3 {[%clk 1:30:44]}  Nf5 {[%clk 1:28:51]} 12. Be3 {[%clk 1:29:17]}  Be6 {[%clk 1:28:23]} 13. Nc3 {[%clk 1:29:31]}  Qd6 {[%clk 1:20:40]} 14. Qd2 {[%clk 1:26:34]}  Na5 {[%clk 1:15:16]} 15. Bf4 {[%clk 1:26:03]}  Nxb3 {[%clk 1:14:04]} 16. axb3 {[%clk 1:26:23]}  Qb6 {[%clk 1:14:03]} 17. Na4 {[%clk 1:19:44]}  Qxb3 {[%clk 1:06:14]} 18. Ra3 {[%clk 1:18:55]}  Qb5 {[%clk 1:05:52]} 19. g4 {[%clk 1:19:01]}  Ne7 {[%clk 0:54:03]} 20. Nc5 {[%clk 1:17:39]}  b6 {[%clk 0:48:20]} 21. Nxe6 {[%clk 1:17:12]}  fxe6 {[%clk 0:47:28]} 22. Ng5 {[%clk 1:15:12]}  e5 {[%clk 0:33:47]} 23. dxe5 {[%clk 1:14:38]}  Qc4 {[%clk 0:22:41]} 24. Ne6 {[%clk 1:13:55]}  Rf7 {[%clk 0:22:51]} 25. Rc3 {[%clk 1:13:40]}  Qa4 {[%clk 0:20:21]} 26. b3 {[%clk 1:13:49]}  Qa5 {[%clk 0:16:24]} 27. b4 {[%clk 1:13:44]}  Qa4 {[%clk 0:15:56]} 28. Nxg7 {[%clk 1:13:24]}  Rxg7 {[%clk 0:10:06]} 29. Bh6 {[%clk 1:13:28]}  Nc6 {[%clk 0:04:03]} 1-0

[Event "45th FIDE Chess Olympiad Open"]
[Site "Budapest, Hungary"]
[Date "2024.09.21"]
[Round "10"]
[White "Al-Kuwari, Hamad"]
[Black "Makem Pierre"]
[Result "1/2-1/2"]
[Board "288"]
[WhiteFideId "12102679"]
[BlackFideId "11000805"]
[BlackTitle "CM"]
[WhiteElo "1574"]
[BlackElo "1860"]
[WhiteTeam "Qatar"]
[BlackTeam "Cameroon"]
[WhiteClock "0:14:45"]
[BlackClock "0:40:52"]
[Variant "Standard"]

1. e4 {[%clk 1:30:57]}  e5 {[%clk 1:30:52]} 2. Nf3 {[%clk 1:31:15]}  Nc6 {[%clk 1:31:16]} 3. Bb5 {[%clk 1:31:34]}  a6 {[%clk 1:31:35]} 4. Ba4 {[%clk 1:31:47]}  Nf6 {[%clk 1:32:00]} 5. d3 {[%clk 1:32:06]}  Bc5 {[%clk 1:31:38]} 6. c3 {[%clk 1:31:55]}  b5 {[%clk 1:31:49]} 7. Bc2 {[%clk 1:32:11]}  d6 {[%clk 1:31:58]} 8. O-O {[%clk 1:32:23]}  Bg4 {[%clk 1:31:56]} 9. Nbd2 {[%clk 1:31:35]}  Ne7 {[%clk 1:31:50]} 10. h3 {[%clk 1:31:01]}  Be6 {[%clk 1:29:20]} 11. Re1 {[%clk 1:23:52]}  h6 {[%clk 1:29:23]} 12. d4 {[%clk 1:21:32]}  exd4 {[%clk 1:28:52]} 13. cxd4 {[%clk 1:21:46]}  Bb6 {[%clk 1:29:17]} 14. Nf1 {[%clk 1:20:43]}  O-O {[%clk 1:28:23]} 15. Nh4 {[%clk 1:14:47]}  Ng6 {[%clk 1:16:20]} 16. Nxg6 {[%clk 1:03:36]}  fxg6 {[%clk 1:16:32]} 17. Ng3 {[%clk 0:56:26]}  Nh7 {[%clk 1:09:49]} 18. Be3 {[%clk 0:50:29]}  Qh4 {[%clk 1:00:01]} 19. Qd2 {[%clk 0:47:43]}  g5 {[%clk 0:55:59]} 20. e5 {[%clk 0:29:40]}  dxe5 {[%clk 0:55:51]} 21. Qd3 {[%clk 0:28:37]}  e4 {[%clk 0:47:45]} 22. Qxe4 {[%clk 0:27:03]}  Qxe4 {[%clk 0:46:25]} 23. Bxe4 {[%clk 0:27:09]}  Rad8 {[%clk 0:46:41]} 24. Red1 {[%clk 0:20:42]}  Nf6 {[%clk 0:46:45]} 25. Bb7 {[%clk 0:20:42]}  a5 {[%clk 0:43:22]} 26. Ne2 {[%clk 0:16:00]}  Bd5 {[%clk 0:40:54]} 27. Bxd5+ {[%clk 0:15:27]}  Nxd5 {[%clk 0:41:10]} 28. Nc3 {[%clk 0:15:15]}  Rf5 {[%clk 0:39:54]} 29. Rd2 {[%clk 0:10:46]}  b4 {[%clk 0:38:27]} 30. Nxd5 {[%clk 0:10:33]}  Rfxd5 {[%clk 0:38:25]} 31. Rad1 {[%clk 0:10:51]}  a4 {[%clk 0:38:06]} 32. b3 {[%clk 0:10:31]}  axb3 {[%clk 0:35:27]} 33. axb3 {[%clk 0:10:52]}  h5 {[%clk 0:35:47]} 34. g4 {[%clk 0:09:25]}  Kf7 {[%clk 0:34:52]} 35. Kg2 {[%clk 0:09:25]}  h4 {[%clk 0:34:33]} 36. Kf1 {[%clk 0:07:44]}  R8d6 {[%clk 0:33:55]} 37. Kg2 {[%clk 0:07:13]}  Rc6 {[%clk 0:34:04]} 38. Kf3 {[%clk 0:06:20]}  Rc3 {[%clk 0:33:42]} 39. Ke4 {[%clk 0:05:23]}  Ke6 {[%clk 0:32:44]} 40. Rd3 {[%clk 0:05:07]}  c5 {[%clk 0:30:46]} 41. dxc5 {[%clk 0:01:09]}  Re5+ {[%clk 0:30:33]} 42. Kf3 {[%clk 0:01:08]}  Bxc5 {[%clk 0:30:53]} 43. Rxc3 {[%clk 0:22:59]}  bxc3 {[%clk 1:00:53]} 44. Rc1 {[%clk 0:23:09]}  Bxe3 {[%clk 0:59:46]} 45. fxe3 {[%clk 0:23:30]}  Ra5 {[%clk 0:53:38]} 46. Rxc3 {[%clk 0:22:49]}  Ra2 {[%clk 0:53:58]} 47. b4 {[%clk 0:19:11]}  Rh2 {[%clk 0:53:59]} 48. b5 {[%clk 0:18:00]}  Rxh3+ {[%clk 0:52:59]} 49. Ke4 {[%clk 0:15:17]}  Rg3 {[%clk 0:51:19]} 50. Rc6+ {[%clk 0:13:35]}  Kd7 {[%clk 0:49:04]} 51. Kf5 {[%clk 0:13:34]}  h3 {[%clk 0:48:48]} 52. Rc1 {[%clk 0:13:48]}  h2 {[%clk 0:48:28]} 53. Rh1 {[%clk 0:14:12]}  Rxe3 {[%clk 0:42:42]} 54. Kxg5 {[%clk 0:14:20]}  Re2 {[%clk 0:42:13]} 55. Kh4 {[%clk 0:14:10]}  Rb2 {[%clk 0:42:10]} 56. Kh3 {[%clk 0:14:13]}  Ke7 {[%clk 0:42:13]} 57. Rxh2 {[%clk 0:14:28]}  Rxb5 {[%clk 0:42:11]} 58. Rf2 {[%clk 0:14:45]}  g5 {[%clk 0:40:52]} 1/2-1/2

[Event "45th FIDE Chess Olympiad Open"]
[Site "Budapest, Hungary"]
[Date "2024.09.21"]
[Round "10"]
[White "Mompel Ferruz, Xavier"]
[Black "Thabang, Mphane"]
[Result "1-0"]
[Board "289"]
[WhiteFideId "54585775"]
[BlackFideId "21301549"]
[WhiteTitle "FM"]
[WhiteElo "2273"]
[BlackElo "1799"]
[WhiteTeam "Equatorial Guinea"]
[BlackTeam "Lesotho"]
[WhiteClock "1:16:53"]
[BlackClock "0:52:49"]
[Variant "Standard"]

1. e4 {[%clk 1:30:58]}  Nf6 {[%clk 1:30:53]} 2. e5 {[%clk 1:31:25]}  Nd5 {[%clk 1:31:19]} 3. d4 {[%clk 1:31:52]}  d6 {[%clk 1:31:40]} 4. c4 {[%clk 1:32:16]}  Nb6 {[%clk 1:32:05]} 5. exd6 {[%clk 1:32:43]}  cxd6 {[%clk 1:32:14]} 6. Nc3 {[%clk 1:33:06]}  g6 {[%clk 1:32:39]} 7. Be3 {[%clk 1:33:24]}  Bg7 {[%clk 1:33:01]} 8. Rc1 {[%clk 1:33:08]}  O-O {[%clk 1:32:37]} 9. b3 {[%clk 1:33:01]}  e5 {[%clk 1:20:00]} 10. Nf3 {[%clk 1:33:09]}  Bg4 {[%clk 1:16:41]} 11. dxe5 {[%clk 1:33:05]}  dxe5 {[%clk 1:16:18]} 12. Qxd8 {[%clk 1:33:31]}  Rxd8 {[%clk 1:16:38]} 13. c5 {[%clk 1:33:50]}  N6d7 {[%clk 1:12:39]} 14. Ng5 {[%clk 1:31:29]}  h6 {[%clk 1:12:03]} 15. f3 {[%clk 1:25:44]}  hxg5 {[%clk 1:04:44]} 16. fxg4 {[%clk 1:25:59]}  Bf8 {[%clk 1:04:08]} 17. Ne4 {[%clk 1:17:44]}  f6 {[%clk 0:59:46]} 18. Bc4+ {[%clk 1:18:10]}  Kg7 {[%clk 1:00:06]} 19. h4 {[%clk 1:17:56]}  gxh4 {[%clk 0:59:37]} 20. Rxh4 {[%clk 1:18:14]}  g5 {[%clk 0:59:58]} 21. Rh5 {[%clk 1:18:08]}  Nc6 {[%clk 0:59:05]} 22. Kf2 {[%clk 1:17:35]}  Na5 {[%clk 0:54:54]} 23. Be6 {[%clk 1:16:07]}  Be7 {[%clk 0:54:24]} 24. Ng3 {[%clk 1:16:07]}  f5 {[%clk 0:52:39]} 25. Nxf5+ {[%clk 1:16:27]}  Kg6 {[%clk 0:52:49]} 26. Rh6# {[%clk 1:16:53]} 1-0

[Event "45th FIDE Chess Olympiad Open"]
[Site "Budapest, Hungary"]
[Date "2024.09.21"]
[Round "10"]
[White "Tsephe, Lebajoa"]
[Black "Oscar Naranjo Gonzalez"]
[Result "0-1"]
[Board "290"]
[WhiteFideId "21302197"]
[BlackFideId "22900241"]
[WhiteElo "1900"]
[BlackElo "1861"]
[WhiteTeam "Lesotho"]
[BlackTeam "Equatorial Guinea"]
[WhiteClock "0:05:46"]
[BlackClock "0:17:49"]
[Variant "Standard"]

1. e4 {[%clk 1:30:37]}  e5 {[%clk 1:30:25]} 2. Nf3 {[%clk 1:30:59]}  Nc6 {[%clk 1:30:45]} 3. Bc4 {[%clk 1:31:20]}  Be7 {[%clk 1:30:32]} 4. c3 {[%clk 1:31:25]}  Nf6 {[%clk 1:30:13]} 5. d3 {[%clk 1:31:48]}  O-O {[%clk 1:30:04]} 6. Bb3 {[%clk 1:32:01]}  d5 {[%clk 1:28:26]} 7. Qe2 {[%clk 1:32:25]}  Bg4 {[%clk 1:22:53]} 8. Nbd2 {[%clk 1:32:34]}  h6 {[%clk 1:18:10]} 9. h3 {[%clk 1:31:49]}  Bh5 {[%clk 1:15:05]} 10. Nf1 {[%clk 1:26:44]}  Qd7 {[%clk 1:09:47]} 11. Ng3 {[%clk 1:08:21]}  Bg6 {[%clk 1:09:44]} 12. Bd2 {[%clk 1:04:47]}  Rfe8 {[%clk 1:06:48]} 13. Nh4 {[%clk 1:02:12]}  Bh7 {[%clk 1:07:04]} 14. Nhf5 {[%clk 1:02:20]}  Bf8 {[%clk 1:05:07]} 15. Qf3 {[%clk 1:01:53]}  Bxf5 {[%clk 1:00:20]} 16. Nxf5 {[%clk 1:02:11]}  dxe4 {[%clk 0:59:41]} 17. dxe4 {[%clk 1:02:37]}  Rad8 {[%clk 0:58:54]} 18. O-O-O {[%clk 1:01:00]}  Na5 {[%clk 0:45:27]} 19. Bxh6 {[%clk 0:44:54]}  Nxb3+ {[%clk 0:45:34]} 20. axb3 {[%clk 0:45:20]}  Qe6 {[%clk 0:42:24]} 21. Bg5 {[%clk 0:38:23]}  Rxd1+ {[%clk 0:42:07]} 22. Rxd1 {[%clk 0:38:48]}  Nh7 {[%clk 0:39:11]} 23. h4 {[%clk 0:36:29]}  a5 {[%clk 0:37:21]} 24. Qg3 {[%clk 0:32:30]}  b5 {[%clk 0:34:51]} 25. Rd5 {[%clk 0:29:17]}  c6 {[%clk 0:34:52]} 26. Nh6+ {[%clk 0:27:42]}  Kh8 {[%clk 0:29:20]} 27. Rxe5 {[%clk 0:27:39]}  Qd7 {[%clk 0:29:30]} 28. Ng4 {[%clk 0:21:11]}  Ra8 {[%clk 0:25:34]} 29. Rf5 {[%clk 0:17:46]}  Bd6 {[%clk 0:17:52]} 30. Bf4 {[%clk 0:13:21]}  Bxf4+ {[%clk 0:18:09]} 31. Qxf4 {[%clk 0:12:51]}  Rd8 {[%clk 0:18:25]} 32. Qf3 {[%clk 0:12:46]}  Qd2+ {[%clk 0:18:24]} 33. Kb1 {[%clk 0:13:09]}  Qe1+ {[%clk 0:18:36]} 34. Ka2 {[%clk 0:10:30]}  Rd1 {[%clk 0:18:37]} 35. Qxd1 {[%clk 0:09:30]}  Qxd1 {[%clk 0:18:56]} 36. Ne5 {[%clk 0:09:53]}  a4 {[%clk 0:17:32]} 37. bxa4 {[%clk 0:05:17]}  Qxa4+ {[%clk 0:17:37]} 38. Kb1 {[%clk 0:05:46]}  Qxe4+ {[%clk 0:17:49]} 0-1

[Event "45th FIDE Chess Olympiad Open"]
[Site "Budapest, Hungary"]
[Date "2024.09.21"]
[Round "10"]
[White "Angel Estanislao Gatjens Capche"]
[Black "Karabo Mokete"]
[Result "0-1"]
[Board "291"]
[WhiteFideId "22900144"]
[BlackFideId "21303622"]
[WhiteElo "1849"]
[BlackElo "1836"]
[WhiteTeam "Equatorial Guinea"]
[BlackTeam "Lesotho"]
[WhiteClock "0:00:31"]
[BlackClock "0:43:51"]
[Variant "Standard"]

1. e4 {[%clk 1:25:23]}  c5 {[%clk 1:30:49]} 2. Nf3 {[%clk 1:18:46]}  d6 {[%clk 1:31:11]} 3. d4 {[%clk 1:19:11]}  cxd4 {[%clk 1:31:34]} 4. Nxd4 {[%clk 1:19:32]}  Nf6 {[%clk 1:31:49]} 5. Nc3 {[%clk 1:19:55]}  a6 {[%clk 1:32:15]} 6. Rg1 {[%clk 1:18:50]}  e5 {[%clk 1:31:02]} 7. Nb3 {[%clk 1:17:41]}  h5 {[%clk 1:31:06]} 8. Bg5 {[%clk 1:17:50]}  Be7 {[%clk 1:31:14]} 9. Qd2 {[%clk 1:17:39]}  Be6 {[%clk 1:31:02]} 10. O-O-O {[%clk 1:17:49]}  Nbd7 {[%clk 1:30:31]} 11. f4 {[%clk 1:17:59]}  b5 {[%clk 1:30:16]} 12. fxe5 {[%clk 1:15:22]}  dxe5 {[%clk 1:29:19]} 13. Bd3 {[%clk 1:11:09]}  b4 {[%clk 1:27:05]} 14. Ne2 {[%clk 1:10:38]}  Nxe4 {[%clk 1:27:27]} 15. Qe1 {[%clk 1:09:02]}  Nxg5 {[%clk 1:25:57]} 16. h4 {[%clk 1:09:07]}  Nh7 {[%clk 1:26:07]} 17. Qg3 {[%clk 1:09:10]}  O-O {[%clk 1:21:37]} 18. Kb1 {[%clk 1:08:08]}  Qb6 {[%clk 1:16:29]} 19. Be4 {[%clk 1:04:44]}  Rad8 {[%clk 1:13:00]} 20. Bf3 {[%clk 0:54:49]}  Nhf6 {[%clk 1:03:03]} 21. Nec1 {[%clk 0:52:14]}  e4 {[%clk 0:58:57]} 22. Be2 {[%clk 0:51:38]}  Ng4 {[%clk 0:58:20]} 23. Nd4 {[%clk 0:49:26]}  Ndf6 {[%clk 0:57:42]} 24. Nxe6 {[%clk 0:39:20]}  Qxe6 {[%clk 0:56:50]} 25. Rde1 {[%clk 0:36:49]}  a5 {[%clk 0:50:49]} 26. Bd1 {[%clk 0:31:42]}  Bd6 {[%clk 0:45:54]} 27. Qh3 {[%clk 0:19:39]}  a4 {[%clk 0:45:51]} 28. Rgf1 {[%clk 0:18:02]}  Be5 {[%clk 0:43:26]} 29. Ne2 {[%clk 0:13:59]}  Qc4 {[%clk 0:42:16]} 30. Nc1 {[%clk 0:10:38]}  Qd4 {[%clk 0:42:05]} 31. c3 {[%clk 0:00:54]}  bxc3 {[%clk 0:42:19]} 32. Qxc3 {[%clk 0:00:39]}  Qxc3 {[%clk 0:42:43]} 33. bxc3 {[%clk 0:00:50]}  Bxc3 {[%clk 0:43:06]} 34. Re2 {[%clk 0:00:50]}  Rb8+ {[%clk 0:43:27]} 35. Kc2 {[%clk 0:00:31]}  Rfc8 {[%clk 0:43:51]} 0-1